banner-ar

THE ARMCHAIR ECONOMIST : ECONOMICS AND EVERYDAY LIFE / (Record no. 17067)

MARC details
000 -الفاتح
حقل البيانات ثابتة الطول 00430nam a2200157Ia 4500
005 - وقت وتاريخ اخر تعامل مع التسجيلة
رقم الضبط 20240530100354.0
008 - عناصر البيانات ثابتة الطول - معلومات عامة
حقل البيانات ثابتة الطول 140319s9999 xx 000 0 eng d
040 ## - مصدر الفهرسة
وكالة الفهرسة الأصلية GCL /
وكالة النسخ GCL
082 04 - رقم تصنيف ديوى العشرى
رقم التصنيف 306.3
رقم المادة L A
100 1# - المدخل الرئيسى - إسم شخصى
الإسم الشخصى LANDSBURG, STEVEN E.
245 10 - بيان العنوان
العنوان THE ARMCHAIR ECONOMIST : ECONOMICS AND EVERYDAY LIFE /
بيان المسئوليه,etc LANDSBURG, STEVEN E.
260 ## - PUBLICATION, DISTRIBUTION, ETC. (IMPRINT)
تاريخ النشر أو التوزيع 1993
300 ## - الوصف المادى
التعداد 241 P
942 ## - عناصر المدخل الإضافي( كوها)
مصدر التصنيف او مخطط الترفيف Dewey Decimal Classification
Koha [default] item type كتاب
260 ## - PUBLICATION, DISTRIBUTION, ETC. (IMPRINT)
-- [S.N] :
-- NO SERES ،
Holdings
حالة التراجع حالة الفقد حالة تلف ليس للاعارة المكان المؤقت الموقع الحالى تاريخ الاكتساب اجمالي اﻻعارات رقم الطلب الباركود تاريخ اخر مشاهدة تاريخ تفعيل السعر نوع وعاء كوها مصدر التصنيف او خطة الترفيف
        مكتبة القاهرة الكبرى مكتبة القاهرة الكبرى 03/26/2014   306.3\L A 30805 03/26/2014 03/26/2014 كتاب  
        مكتبة القاهرة الكبرى مكتبة القاهرة الكبرى 03/27/2022   306.3\L A 167714 03/27/2022 03/27/2022 كتاب ddc

Powered By

EGPV